[Event "SVR-ch MAT 36th"]
[Site "Idar Oberstein"]
[Date "2013.03.28"]
[Round "5"]
[White "Uglesic, Roman"]
[Black "Graf, Rodolfo"]
[Result "1-0"]
[WhiteElo "1697"]
[BlackElo "1826"]
[PlyCount "70"]
[EventDate "2013.03.23"]
[EventType "tourn"]
[EventRounds "7"]
[EventCountry "GER"]
[SourceTitle "EXT 2014"]
[Source "ChessBase"]
[SourceDate "2013.11.20"]
[SourceVersion "1"]
[SourceVersionDate "2013.11.20"]
[SourceQuality "1"]

1. d4 Nf6 2. c4 g6 3. Nc3 Bg7 4. e4 d6 5. Be2 Na6 6. Be3 0-0 7. Nf3 c5 8. d5 h6 9. h3 Kh7 10. 0-0 Bd7 11. Nh2 e5 12. dxe6 Bxe6 13. Qd2 Qa5 14. Rfd1 Rfd8 15. Nf1 Nb4 16. Ng3 Qa6 17. Nd5 Bxd5 18. cxd5 Qb6 19. a3 Na6 20. Rab1 Qb3 21. Rdc1 Qa4 22. Bd3 Rac8 23. Qc2 Qe8 24. Bxa6 bxa6 25. f3 Qb5 26. Qc4 Nd7 27. a4 Qb6 28. Qc2 h5 29. Nf1 Rb8 30. b3 Qb4 31. Nd2 Bd4 32. Nc4 Bxe3+ 33. Nxe3 Qd4 34. Qc3 Rb4 35. Qxd4 Rxd4 1-0

[Event "SVR-op 31th"]
[Site "Idar Oberstein"]
[Date "2008.03.22"]
[Round "7"]
[White "Uglesic, Roman"]
[Black "Van Leyen, Peter"]
[Result "1-0"]
[WhiteElo "1661"]
[BlackElo "1464"]
[PlyCount "117"]
[EventDate "2008.03.15"]
[EventType "tourn"]
[EventRounds "7"]
[EventCountry "GER"]
[SourceTitle "EXT 2009"]
[Source "ChessBase"]
[SourceDate "2008.11.26"]
[SourceVersion "1"]
[SourceVersionDate "2008.11.26"]
[SourceQuality "1"]

1. d4 e6 2. c4 c5 3. d5 exd5 4. cxd5 d6 5. Nc3 g6 6. e4 Bg7 7. Bf4 a6 8. Nf3 Bg4 9. Be2 Ne7 10. Nd2 Bxe2 11. Qxe2 0-0 12. 0-0 b5 13. a4 b4 14. Nd1 Re8 15. Qf3 a5 16. Nc4 Nc8 17. Nde3 Ra7 18. Ng4 Rae7 19. Bg5 f6 20. Nxf6+ Bxf6 21. Bxf6 Rf8 22. Bxe7 Qxe7 23. Qg4 Nd7 24. Qe6+ Qxe6 25. dxe6 Ne5 26. Nxa5 Re8 27. Rfd1 Rxe6 28. b3 Kf7 29. f3 Ke7 30. Rac1 Na7 31. Nc4 Nxc4 32. Rxc4 Nc6 33. Kf2 Na5 34. Rb1 Nxc4 35. bxc4 Kd7 36. Ke3 Re8 37. Kd3 Ra8 38. Ra1 Kc7 39. Kc2 Kb6 40. Kb3 Ka5 41. Rd1 Ra6 42. Rd5 Rc6 43. h4 Kb6 44. h5 Kc7 45. hxg6 hxg6 46. Rg5 d5 47. exd5 Rf6 48. Rg4 Kd6 49. f4 Ke7 50. g3 Kf7 51. Rg5 Kg7 52. Re5 Rf8 53. Re7+ Kf6 54. Rc7 Re8 55. Rxc5 Re3+ 56. Kxb4 Rxg3 57. a5 Rg4 58. a6 Rxf4 59. a7 1-0

[Event "SVR-op 31th"]
[Site "Idar Oberstein"]
[Date "2008.03.20"]
[Round "5"]
[White "Uglesic, Roman"]
[Black "Ehlen, Ralf"]
[Result "1/2-1/2"]
[WhiteElo "1661"]
[BlackElo "1685"]
[PlyCount "23"]
[EventDate "2008.03.15"]
[EventType "tourn"]
[EventRounds "7"]
[EventCountry "GER"]
[SourceTitle "EXT 2009"]
[Source "ChessBase"]
[SourceDate "2008.11.26"]
[SourceVersion "1"]
[SourceVersionDate "2008.11.26"]
[SourceQuality "1"]

1. d4 d5 2. c4 c6 3. cxd5 cxd5 4. Nc3 Nc6 5. Nf3 e6 6. Bf4 Nf6 7. e3 a6 8. a3 Bd6 9. Bxd6 Qxd6 10. Bd3 0-0 11. 0-0 Bd7 12. Rc1 1/2-1/2